00593 2200217 4500001002100000005001500021035002000036007000300056008004100059020002200100082000800122084001400130100001800144245007400162260004600236300001600282650002400298856002100322990001600343990001600359INLIS00000000000813520260205012510 a0010-0126000132ta260205 0 ind  a978-623-515-169-4 a658 a658 NUR p0 aNur'aini D.F.1 aPengantar Manajemen SDM : Teori, Proses, dan Praktik /cNur'aini D.F. aYogyakarta :bAnak hebat indonesia,c2024 a246 ;c21cm 4aPengantar Manajemen aALUMNI MANAJEMEN a00000013726 a00000013727